| 000 | 01206nmm a2200313 a 4500 | ||
|---|---|---|---|
| 001 | 0000014756 | ||
| 003 | CO-CtgCURN | ||
| 005 | 20260316214154.0 | ||
| 007 | co cga---uuuuu | ||
| 008 | 160627s2003 i eng d | ||
| 020 | _a958653104X | ||
| 040 |
_aCO-CtgCURN _bspa _ccoctgcurn |
||
| 082 | 0 |
_a345.861 _bC718 |
|
| 110 | 2 | _aColombia. | |
| 245 | 1 | 0 |
_aCódigo penal. Ley 599 de 2000. _h[electronic resource]. |
| 250 | _a10a ed. | ||
| 260 |
_aBogotá : _bLegis, _c2003. |
||
| 300 | _a498 p. + 1 Cd-Rom. | ||
| 336 | _2rdacontent | ||
| 337 |
_2rdamedia _asin mediacion _bn |
||
| 338 |
_2rdacarrier _avolumen _bnc |
||
| 490 | 1 | _aColección códigos basicos | |
| 505 | 8 | _aDe las normas rectoras de la ley penal colombiana.--De la aplicacion de la ley penal.--De la conducta punible.--Delitos contra el orden economico.--Delitos contra la fe publica.--Delitos contra la libertad individual.--De los delitos en particular | |
| 650 | 0 |
_aDerecho penal _vLegislacion _zColombia. |
|
| 908 | _a160627 | ||
| 942 |
_cBK _h345.861 _iC718 _2ddc |
||
| 999 |
_c19488 _d19488 |
||